000 00629nam a2200241Ia 4500
003 OSt
005 20260417173051.0
006 a|||||r|||| 00| 0
007 ta
008 220926b |||||||| |||| 00| 0 eng d
024 _a6967
037 _cTheses
040 _aCRL
_cCRL
_beng
041 _2eng
_aeng
100 _aRam Singh
_9527107
110 _aUniversity of Delhi. Faculty of Law. Department of Law
245 0 _aMatrimonial law in Nepal
260 _c1975
650 _aLAW
700 _aUniversity of Delhi. Faculty of Law. Department of Law
942 _cTH
_2CC
999 _c860881
_d860881